000 00600nam a2200193 i 4500
001 133721
003 ES-MaACL
005 20250830103942.0
007 t|
008 070827s1965 sp ||||1| spa d
100 1 _aWoodward, Robert F.
_9117350
245 1 0 _aPalabras de despedida del embajador de los Estados Unidos /
_cRobert F. Woodward.
260 _aMadrid :
_bEmbajada de Estados Unidos,
_c1965.
300 _a5 p. :
_bil. ;
_c17 cm.
500 _aRetr. aut.
610 1 4 _aEstados Unidos.
_bEmbassy (EspaƱa)
_94025
852 _aES-MaACL
_j2051-F-5
_bR.55670
999 _c133721
_d133721